000 00406nam a22001697a 4500
005 20180809150712.0
008 160514b xxu||||| |||| 00| 0 eng d
020 _a978-81-203-3443-4
041 _aeng
082 _b2158
_a658.3
100 _aDessler, Gary
_94712
245 _aHuman Resource Management
260 _aNew Delhi
_bPHI,
_c2008
300 _a784P,
650 _aManagement
_9241
942 _cBK
999 _c794
_d794